Prolegómenos del derecho o Introtrucción a los estudios jurídicos / (Record no. 160845)

MARC details
000 -LEADER
campo de control de longitud fija 00718nam a22001695i 4500
001 - NÚMERO DE CONTROL
campo de control 160845
003 - IDENTIFICADOR DE NÚMERO DE CONTROL
campo de control ES-MaACL
005 - FECHA Y HORA DE LA ÚLTIMA TRANSACCIÓN
campo de control 20230906212135.0
008 - DATOS DE LONGITUD FIJA--INFORMACIÓN GENERAL
campo de control de longitud fija 950206s1880 sp |||| | spa d
040 ## - FUENTE DE CATALOGACIÓN
Centro catalogador/agencia de origen GA
Lengua de catalogación spa
Centro/agencia transcriptor CCPB | PA2
100 1# - ENTRADA PRINCIPAL--NOMBRE DE PERSONA
Nombre de persona Núñez Forcelledo, Benito.
9 (RLIN) 130568
245 10 - MENCIÓN DEL TÍTULO
Título Prolegómenos del derecho o Introtrucción a los estudios jurídicos /
Mención de responsabilidad, etc. por Benito Núñez Forcelledo.
260 ## - PUBLICACIÓN, DISTRIBUCIÓN, ETC.
Lugar de publicación, distribución, etc. Santiago de Compostela :
Nombre del editor, distribuidor, etc. [s.n.],
Fecha de publicación, distribución, etc. 1880 (
Fabricante Imp. de El Boletín Eclesiástico, a cargo de D. Andrés Fraile)
300 ## - DESCRIPCIÓN FÍSICA
Extensión 271 p. ;
Dimensiones 22 cm.
740 10 - ENTRADA AGREGADA--TÍTULO RELACIONADO/ANALÍTICO NO CONTROLADO
Título relacionado o analítico no controlado Introducción a los estudios jurídicos.
852 ## - LOCALIZACIÓN
Ubicación ES-MaACL
Número de control de estantería T-432-F-17
Nota libre -- Enc. hol.
condición física -- Falto de la cub. originial
Nota libre -- Enc. en un vol. facticio
Holdings
Estatus retirado Estado de pérdida Estado de daño No para préstamo Colección Biblioteca de origen Biblioteca actual Ubicación en estantería Fecha de adquisición Total de préstamos Signatura topográfica completa Código de barras Visto por última vez Precio de reemplazo Tipo de ítem Koha
        Colección de folletos Biblioteca del Ateneo de Madrid Biblioteca del Ateneo de Madrid Depósito folletos 17/01/2008   T-432-F-17 1168442 23/02/2023 23/02/2023 Folleto